00262 a2200121 4500001000700000040003500007100002000042240002900062245002400091300000700115362000900122440000900131154847 cEscola São Tomás de Aquino aBARBIERI, Stela10aComo mudar o mundo?lpor10aComo mudar o mundo? a920 a2015 1aFTD